00277nam a2200109Ia 4500008004100000041001200041082001100053100002300064245006800087260000600155650000600161221030s9999 xx 000 0 und d aEnglish a105.23 aS. K. Bhattacharya 0aAccounting For Management - Text & Casescby S. K. Bhattacharya c0 aB